| 000 | 00536nam a22001697a 4500 | ||
|---|---|---|---|
| 999 |
_c8393 _d8393 |
||
| 008 | 201118b ||||| |||| 00| 0 eng d | ||
| 040 | _aBMS College of Architecture | ||
| 100 | _aSinduri, J | ||
| 245 | _aExperiencia -proposed experience based mall & multiplex in Hyderbad | ||
| 300 | _aNA | ||
| 500 | _a1BM15AT101 | ||
| 502 |
_8B,Arch _NBMS College of Architecture, Visvesvaraya Technological University (VTU) _aProject report _d2019 |
||
| 650 | _aNA | ||
| 700 |
_aJeeno George _eGuide |
||
| 700 |
_aRema V _eGuide |
||
| 942 |
_2ddc _cTHE |
||